20 Largest Ethnic Groups in the United States - Statistics

General Stats
  • This quiz has been taken 332 times
  • The average score is 14 of 20
Answer Stats
Percentage Answer % Correct
5.93 American
96%
13.04 German
95%
1.27 Chinese
92%
7.72 English
89%
11.19 Mexican
89%
9.65 Irish
87%
5.07 Italian
86%
0.9 Scotch-Irish
86%
2.87 French
83%
0.78 Russian
83%
2.74 Polish
80%
1.27 Indian
77%
1.13 Dutch
70%
1.11 Swedish
68%
1.62 Scottish
62%
12.62 Black
59%
1.31 Norwegian
59%
0.88 Filipino
48%
1.75 Puerto Rican
29%
0.92 Caribbean
5%
No matching quizzes found
Score Distribution
Percent of People with Each Score
Percentile by Number Answered
Your Score History
You have not taken this quiz